000 00546nam a2200193Ia 4500
005 20250508154525.0
008 008 250505s9999 xx 000 0 eng d
037 _aTextual
040 _aFEDL
_beng
_cFEDL
041 _aeng
_2eng
084 _a152.7, SPI
_qFEDL
100 _aSpigel Irwin M
_9765573
245 0 _aReadings in the study of visually perceived movement
260 _aNew York, USA
_bHarper and Row
_c1965
300 _aix,347p
365 _aINR
_b36.49
942 _cTEXL
_h152.7, SPI
999 _c1350757
_d1350757